| 000 | 01045nam0a2200301 4500 | ||
|---|---|---|---|
| 001 | RU\NLR\BIBL_A\011477901 | ||
| 005 | 20240727034813.0 | ||
| 010 |
_a9785990979307 _92000 |
||
| 021 |
_aRU _b2017-64501 _94572 |
||
| 035 | _a(RuMoRGB)009375255 | ||
| 035 | _a(NLR Aleph) 011477901 | ||
| 090 |
_a11884321 _c11884321 |
||
| 100 | _a20170925d2017 c y0rusy50 ca | ||
| 101 | 0 | _arus | |
| 102 | _aRU | ||
| 105 | _ay zzzz||||yay | ||
| 200 | 1 |
_aРассказы о Великой Отечественной войне _fС. Алексеев _gхудожник: А. Симанчук |
|
| 210 |
_aМосква _cИскателькнига _d2017 |
||
| 215 |
_a61, [2] с. _d21 |
||
| 225 | 1 | _aБиблиотека школьника | |
| 686 |
_aШ9(2)6=Р70-421.73 _2rubbk |
||
| 686 | 0 | _aШ9(2)60=Р7-4 | |
| 700 | 1 |
_aАлексеев _bС. П. _f1922-2008 _gСергей Петрович |
|
| 942 | _cBOOK | ||
| 980 | _aNBR | ||